000 00650nam a22002177a 4500
003 0
005 20251117105418.0
008 251117b xxu||||| |||| 00| 0 eng d
020 _a971-554-215-9
050 _aDS 665
_b.F47 2012
100 _aFernandez, Francis,
_eauthor.
245 _aThe Day that changed my life /
_cFrancis Fernandez.
260 _aMakati City :
_bSinag-Tala Publishers,
_c2012.
300 _a337 pages ;
_c22 cm.
504 _aIncludes index.
600 _aFernandez, Francis
_xBiography.
650 _aPhilippines
_xBiography.
650 _aLife change events.
650 _aSpiritual life
_zPhilippines.
942 _2lcc
_cBK
999 _c368660
_d368660